LIBRARY & INFORMATION CENTRE, KCAET, TAVANUR

ONLINE PUBLIC ACCESS CATALOGUE (OPAC)

Winged words :an anthology of English poems / (Record no. 6072)

MARC details
000 -LEADER
fixed length control field 00395cam a2200145ua 4500
041 ## - LANGUAGE CODE
Language code of text/sound track or separate title eng
082 ## - DEWEY DECIMAL CLASSIFICATION NUMBER
Classification number 821
Item number CHA/WI
100 ## - MAIN ENTRY--AUTHOR NAME
Personal name Chandra Rajan, .
245 ## - TITLE STATEMENT
Title Winged words :an anthology of English poems /
260 ## - PUBLICATION, DISTRIBUTION, ETC. (IMPRINT)
Place of publication Melbourne :
Name of publisher MacMillan and Company Limited ,
Year of publication 1971.
300 ## - PHYSICAL DESCRIPTION
Number of Pages 126 ; .
942 ## - ADDED ENTRY ELEMENTS (KOHA)
Koha item type Books
Holdings
Withdrawn status Lost status Damaged status Home library Current library Date acquired Full call number Accession Number Koha item type
Withdrawn     KAUAET KAUAET 07/04/2012 821 13150 Books
Withdrawn     KAUAET KAUAET 16/11/2023 821 CHA/WI 13149 Books
free website counter